| 000 | 00574nam a22001937a 4500 | ||
|---|---|---|---|
| 090 | _c10285 | ||
| 008 | 081111t xxu||||| |||| 00| 0 eng d | ||
| 020 | _a9781412945394 | ||
| 020 | _a9781412945394 | ||
| 082 |
_222 _a351 _bPUB |
||
| 245 |
_aHandbook of public administration / _c edited by B. Guy Peters and Jon Pierre. |
||
| 250 | _aConcise paperback edition | ||
| 260 |
_aLondon : _b SAGE, _c2007 |
||
| 260 | _bDistributer: Baccah | ||
| 300 |
_axi, 394 p.; _c25 cm. |
||
| 650 |
_91055 _aPublic administration. |
||
| 700 |
_91053 _aPeters, B. Guy |
||
| 942 |
_2ddc _cBB |
||
| 999 |
_c10285 _d10285 |
||